000 00686nam a22001937a 4500
999 _c19679
_d19679
003 AR-CdUCM
008 190520b ||||| |||| 00| 0 spa d
040 _aMUNICIPALIDAD PROVINCIAL DEL CUSCO
_cBIBLIOTECA MUNICIPAL DEL CUSCO
082 _a985.624 /
_bC23
100 _aCano, Washington
_941163
245 _aEstudio geográfico histórico y sociológico del lago Titicaca /
260 _aArgentina :
_bMoreno,
_c1952.
300 _a74 páginas ;
_c23 cm.
505 _aContenido : Situación geográfica -- Etimologia de su nombre -- Su origen geologico...
650 _aGeografía
_9318
650 _aEtimología
_977
650 _aCuenca del Titicaca
_941164
942 _2ddc
_cLIBROS